| 000 | 00380nam a22001097a 4500 | ||
|---|---|---|---|
| 082 |
_a344.0095491 _bPLC |
||
| 245 |
_aPakistan Labour Cases 2020 : _bPLC / _cFounded by Malik Mir Muhammad and Edited by Muhammad Wahaj Azhar et all |
||
| 260 |
_aLahore : _bPLD Publishers, _c2020. |
||
| 300 |
_aVol: 1. 572, Vol: 2. 758 and Vol: 3. 626 p. ; _c23cm. |
||
| 563 | _aHB. | ||
| 942 |
_2ddc _cCR _s1 |
||
| 999 |
_c595227 _d595227 |
||